000 00645nam a22001937a 4500
003 BUBTL
008 220919b ||||| |||| 00| 0 eng d
020 _a9789847762647
082 _a954.92/ Im17d/ 2016
100 _94703
_aইমাম, জাফর
245 _aদাম দিয়ে কিনেছি এই বাংলা /
_cজাফর ইমাম
250 _a1st Edn.
260 _a ঢাকা:
_bঐতিহ্য,
_cc2016
300 _a320 p.:
_bills.;
_c22 cm
650 0 _91755
_aমুক্তিযুদ্ধ
856 _k0
_l0
_yDownload
942 _2ddc
_cBK
999 _c6742
_d6742